000 00561nam a2200193Ia 4500
003 GCL
008 140319s9999 xx 000 0 ara d
040 _aGCL /
_cGCL
082 0 4 _a343.018
_bا ق
100 1 _aابوزيد رضوان
245 1 0 _aالقانون الجوى قانون الطيران التجارى /
_cابوزيد رضوان
260 _a[S.N] :
_bدار الفكر العربى ،
_c1983
300 _a424 ص
490 _a
650 0 4 _aالقانون
650 0 4 _aمصر
650 0 4 _aالقانون الجوى
942 _2ddc
_cBK
999 _c36046
_d36046